000 01046nam2a2200229 4500
001 rc\3018874
005 20260315064549.0
035 _a(NLR Aleph) 007161064
090 _a13618871
_c13618871
100 _a20110927d1941 u y0rusy50 ca
101 0 _arus
102 _aRU
105 _aa z |||||
200 0 _aТ. 1
210 _d1941
215 _a240 с.
_cил., черт.
461 0 _1001rc\3018873
_12000#$aУчебник для медицинских сестер$eТ. 1-$fСост. М.С. Ихтейман$gИсполнит. ком. Союза о-в красного креста и красного полумесяца СССР$vТ. 1
_1700#1$aИхтейман$bМ.С.$gМарк Соломонович$f1877-
_97249525
_aИхтейман, М.С. (1877-)
_cМосква
_d1941
_e2-е изд.
_fСост. М.С. Ихтейман
_nМедгиз
_oТ. 1-
_tУчебник для медицинских сестер
_vТ. 1
801 0 _aRU
_bNLR
_gpsbo
801 1 _aRU
_bELAR
_2rusmarc
852 _aNLR
_jМд10 Г-7/34
942 _cUNSPEC
980 _aNB